000 00201nam a2200085Ia 4500
008 120527s9999 xx 000 0 und d
100 _aVodopich, etal
245 _aBiology; alboratory manual
942 _cBK
999 _c27355
_d27355